000 00989nam a22003137a 4500
001 BR2016001067
003 BR-BrBNA
005 20230928104826.0
007 ta
008 230509b bl.||||| |||| 00| 0 por d
040 _aBR-BrBNA
_bpor
_cBiblioteca Nacional de Agricultura
041 _a(Por)
072 _aL70
_b8830
_b2790
090 _ 8830 BR2016001067
100 1 _aOliveira, N.N.P.M.
110 1 _aUniversidade Federal de Lavras, MG (Brasil)
_0Tese (Mestrado)
245 1 _aCaracterísticas bioquímicas e reprodutivas de ratos Wistar machos suplementados com extratos do fruto de Tribulus terrestris L.
260 3 _aLavras, MG (Brasil):
_c2015.
300 _a102 p.
500 _aSummaries (Eng, Por); Several bibliography; 6 tables; 17 illus.
650 _aRATO
650 _aANIMAL DE LABORATÓRIO
650 _aPLANTA MEDICINAL
650 _aEXTRATO VEGETAL
650 _aSAÚDE
650 _aHOMEM
909 _a202309
_bLucia
_c55
_dLucia Elande
942 _cBK
999 _c81947
_d81947